书目信息 |
| 题名: |
房地产经济学
|
|
| 作者: | 乔志敏 , 谢经荣 , 吕萍 编著 | |
| 分册: | ||
| 出版信息: | 北京 中国人民大学出版社 2002 |
|
| 页数: | 240 | |
| 开本: | 21cm | |
| 丛书名: | 22世纪房地产系列教材 | |
| 单 册: | ||
| 中图分类: | F293.30 | |
| 科图分类: | ||
| 主题词: | 市政经济 , 城市经济 | |
| 电子资源: | ||
| ISBN: | 7-300-04120-5 | |
| 000 | 00743nam0 2200241 450 | |
| 001 | 0753815641 | |
| 005 | 20070930145655.64 | |
| 010 | @a7-300-04120-5@d¥19.00 | |
| 100 | @a20070930d km y0chiy0120 ea | |
| 101 | 0 | @achi |
| 200 | 1 | @a房地产经济学@Afang di chan jing ji xue@f谢经荣,吕萍,乔志敏编著@Fxie jing rong,lu ping,qiao zhi min bian zhu |
| 210 | @a北京@c中国人民大学出版社@d2002 | |
| 215 | @a240@d21cm | |
| 225 | 2 | @a22世纪房地产系列教材 |
| 410 | 0 | @12001 @a22世纪房地产系列教材 |
| 606 | 0 | @a市政经济 |
| 606 | 0 | @a城市经济 |
| 690 | @aF293.30@v3 | |
| 701 | 0 | @a乔志敏@Aqiao zhi min@4编著 |
| 701 | 0 | @a谢经荣@Axie jing rong@4编著 |
| 701 | 0 | @a吕萍@Alu ping@4编著 |
| 801 | 0 | @aCN@bPFT@c20070930 |
| 905 | @a213230@dF293.30@eg13@f1 | |
| 房地产经济学/谢经荣,吕萍,乔志敏编著.-北京:中国人民大学出版社,2002 |
| 240;21cm.-(22世纪房地产系列教材) |
| ISBN 7-300-04120-5:¥19.00 |
| ● |
| 相关链接 |
|
|
|
|
正题名:房地产经济学
索取号:F293.30/g13
 
预约/预借
| 序号 | 登录号 | 条形码 | 馆藏地/架位号 | 状态 | 备注 |
| 1 | 6503812 | 265038121 | 密集书库-海洋学院/ [索取号:F293.30/g13] | 在馆 |